Español : (Record no. 20767)

MARC details
000 -CABECERA
campo de control de longitud fija 00777nam a2200205 a 4500
005 - FECHA Y HORA DE LA ÚLTIMA TRANSACCIÓN
campo de control 20240315063639.0
008 - ELEMENTOS DE LONGITUD FIJA--INFORMACIÓN GENERAL
campo de control de longitud fija 991125s1982 la 000 0 spa u
035 ## - NÚMERO DE CONTROL DEL SISTEMA
Número de control de sistema UPN01000020767
049 ## - COLECCIÓN
Colección LT
050 #4 - SIGNATURA TOPOGRÁFICA DE LA BIBLIOTECA DEL CONGRESO
Número de clasificación LB1633 C9.011
Número de documento/Ítem 1982 OM
100 1# - ASIENTO PRINCIPAL--NOMBRE PERSONAL
Nombre de persona Rodríguez Pérez, Leticia
245 10 - MENCIÓN DE TÍTULO
Título Español :
Resto del título onceno grado : orientaciones metodológicas
-- orientaciones metodológicas /
Mención de responsabilidad, etc. Leticia Rodríguez Pérez, Olga Mendoza Martínez
260 ## - PUBLICACIÓN, DISTRIBUCIÓN, ETC.
Lugar de publicación, distribución, etc. La Habana :
Nombre del editor, distribuidor, etc. Ministerio de Educación$bPueblo yEducación,
Fecha de publicación, distribución, etc. 1982
300 ## - DESCRIPCIÓN FÍSICA
Extensión 84 p.
650 #4 - ASIENTO SECUNDARIO DE MATERIA - TERMINO TEMATICO
Término de materia o nombre geográfico como elemento de entrada Español
Subdivisión general Estudio y enseñanza
9 (RLIN) 7357
700 1# - ASIENTO SECUNDARIO--NOMBRE DE PERSONAL
Nombre de persona Mendoza Martínez, Olga,
Término indicativo de función/relación coaut.
9 (RLIN) 29302
710 1# - ASIENTO SECUNDARIO - NOMBRE CORPORATIVO
Nombre de entidad corporativa o nombre de jurisdicción como elemento de entrada Cuba.
Unidad subordinada Ministerio de Educación.
-- Instituo Central de Ciencias Pedagógicas
904 ## - ELEMENTOS DE DATOS D LOCAL, LDD (RLIN)
a AC
b 020768
905 ## - TIPO DE MATERIAL
Tipo de material Libro
Holdings
Estado de retiro Estado de pérdida Fuente del sistema de clasificación o colocación Estado dañado No para préstamo Código de colección Localización permanente Ubicación/localización actual Ubicación en estantería Fecha de adquisición Enumeración/cronología de publicación seriada Clasificación Código de barras Fecha visto por última vez Número de copia Tipo de ítem Koha
    Library of Congress Classification   Disponible (Préstamo en sala) Libros de texto Bib. Gregorio Torres Quintero Bib. Gregorio Torres Quintero Colecciones especiales Planta alta 25/05/2023 - LB1633 C9.011 1982 OM 77978 31/12/2020 1 Libro